000 00785cam a2200217 4500
001 ABS62919
008 000000n2000 000 0 eng u
035 _a(Sirsi) u108656
100 _aPaine, S.
245 _aPowers of entry to private property (1)
260 _c2000
490 _aSolicitors' Journal
_v144(34) 15 September 2000, 824-825(2)
520 _aFirst in a series of three articles on powers of entry. Looks at the development of privacy through the ages, referring to case law. Discusses police powers, rights of landlords and bailiffs to enter property and the entry powers of public authorities.
590 _aABS
650 _aPOWERS OF ENTRY
650 _aPRIVACY
650 _aPRIVATE PROPERTY
650 _aBAILIFFS
690 _aPROPERTY
942 _n0
999 _c64870
_d64870